000 01162nam a2200325 a 4500
001 000039582
003 DO-SdBPM
005 20260224091218.0
007 ta
008 130708s2011 dr ac 000 0 spa d
020 _a9789945484007
040 _aDO-SdBPM
_bspa
_cBPMSU
_drda
082 0 4 _aRD863.08
_bM181i 2011
_222
245 0 0 _aMade in mi barrio :
_bnuevos narradores sancristobalenses /
_cCompilador Ramón Aníbal Mesa.
264 _aSan Cristóbal :
_bFundación Literaria Aníbal Montaño ;
_c2011.
300 _a95 páginas :
_bilustraciones., retratos. ;
_c23 cm.
336 _atexto
_btxt
_2rdacontent
337 _asin mediación
_bn
_2rdamedia
338 _avolumen
_bnc
_2rdacarrier
490 0 _a15 Aniversario, Fundación Literaria Aníbal Montaño
500 _aIncluye anexos
500 _a15 Aniversario, Fundación Literaria Aníbal Montaño
590 _aInventariado, 2026/VM
650 7 _aCuentos dominicanos
_vColecciones
650 7 _aAutores dominicanos
_vColecciones
650 7 _aLiteratura dominicana
700 1 _aMesa, Ramón Aníbal,
_ecompilador
910 _aVMateo V. Control de calidad. BPMSU
942 _2ddc
_cBK
999 _c15727
_d15727